00455 2200181 4500001002100000005001500021008004100036020002200077035001900099041000700118082001000125090001600135100001900151245002800170260002800198300002700226650002000253INLIS00000000002499520241224131833241224||||||||| | ||| |||| || |  a978-623-206-033-3 0010-1224024995 aid0 a741.5 a741.5 YOV t0 aYovita Siswati00aTeruslah Berjaga, Eli ! aSolobTiga Anandac2019 a32 hlm. : ill. ; 24 cm 0aFiksi Indonesia